| 000 | 00741nam a2200217Ia 4500 | ||
|---|---|---|---|
| 005 | 20250507130402.0 | ||
| 008 | 008 250505s9999 xx 000 0 chi d | ||
| 020 | _a9780226894089 | ||
| 037 | _aAnnuals, Advances | ||
| 040 |
_aEASL _beng _cEASL |
||
| 041 |
_achi _2eng |
||
| 084 |
_aY:44.42, P6 _qEASL |
||
| 100 | _aWest Mark D. Au. | ||
| 245 | 0 | _aSecrets,sex and specctacle:The rules of scandal in Japan and the United States | |
| 260 |
_aUSA _bChicago The university of Chicago Press _c2006 |
||
| 300 | _aix,404p. | ||
| 365 |
_a¥ _b5937 |
||
| 650 |
_aScandals- Japan; Japan-Social Life and customs; Law-Japan; Scandals-United states _9755316 |
||
| 942 |
_cTEXL _hY:44.42, P6 |
||
| 999 |
_c1319398 _d1319398 |
||